|
|
|
|
| LEADER |
00752nam a2200241Ia 4500 |
| 008 |
240829s9999 xx 000 0 und d |
| 020 |
|
|
|a 84-9705-533-0
|
| 040 |
|
|
|a BIBLIOTECA-RUSB/ 690 P391
|
| 041 |
|
|
|a spa
|
| 082 |
|
|
|a 690 P391
|
| 100 |
1 |
|
|a Pellicer Armiñana, Eugenio
|
| 100 |
1 |
|
|b Sanz Benlloch, Amalia
|
| 100 |
1 |
|
|c Catalá Alís, Joaquín
|
| 245 |
1 |
0 |
|a El proceso proyecto - construcción
|
| 260 |
|
|
|a Valencia, España
|b Universidad Politécnica de Valencia
|c 2004
|
| 300 |
|
|
|a 488 p. :il.
|
| 650 |
7 |
|
|a CONSTRUCCION - PROYECTO - INGENIERIA CIVIL
|
| 650 |
7 |
|
|b ESPECIFICACIONES DE CONSTRUCCION
|
| 650 |
7 |
|
|c CONSTRUCCION - CONSULTORIA
|
| 650 |
7 |
|
|d ESTUDIO DE IMPACTO AMBIENTAL
|
| 942 |
|
|
|c BK
|2 ddc
|
| 991 |
|
|
|a TEXTO
|
| 999 |
|
|
|c 4506
|